000 00319nam a2200133Ia 4500
008 190723s9999 xx 000 0 und d
020 _a978-969-8261-51-1
100 _aAbdul Mobin Khan
245 0 _aBacterial Genetics
250 _a3rd
260 _aKarachi
_bTime Publisher
_c2011
300 _a304.:p
942 _cBK
999 _c1627
_d1627